000 00821nam a22002057a 4500
003 DO-SdBJH
005 20230530183729.0
008 230530b |||||||| |||| 00| 0 spa d
040 _aDO-SdBJH
_bspa
_cDO-SdBJH
082 _a863
_b A661a 2012
100 1 _aAramburu, Fernando
245 1 0 _aAños lentos :
_c Fernando Aramburu
250 _aSegunda edición
260 _aBarcelona, España
_b Tusquets Editores
_c2012
300 _a219 páginas
_c21cm
490 _aColección Andanzas
505 _aPrimera cena……11 El episodio de las nueces………27 La cosa más sagrada….43 Gritos en la bañera……59 El comienzo de la partida………77 En busca de un yerno….97
650 7 _aFamilia
_v novela
_zEspaña
_2Sears
942 _2ddc
_cBK
999 _c7464
_d7464